These Our Bodies Possessed by light/ (Record no. 172127)

MARC details
000 -LEADER
fixed length control field 00541nam a2200181 4500
005 - DATE AND TIME OF LATEST TRANSACTION
control field 20210302130029.0
010 ## - LCCN (DPL NO)
LC control number EN-127593
020 ## - INTERNATIONAL STANDARD BOOK NUMBER
Terms of availability 599.00
International Standard Book Number 9789351952817
035 ## - SYSTEM CONTROL NUMBER
System control number EN-111125
037 ## - SOURCE OF ACQUISITION
Source of stock number/acquisition DBAD/PUB
082 ## - DEWEY DECIMAL CLASSIFICATION NUMBER
Classification number N
100 ## - MAIN ENTRY--PERSONAL NAME
Personal name Bhaskar, Dharini
245 ## - TITLE STATEMENT
Title These Our Bodies Possessed by light/
Remainder of title by Dharini Bhaskar
260 ## - PUBLICATION, DISTRIBUTION, ETC. (IMPRINT)
Place of publication, distribution, etc Gurugram
Name of publisher, distributor, etc Hachette Book Publishing
Date of publication, distribution, etc 2019
270 ## - ADDRESS
Address 4th & 5th Floors, Corporate Centre, Plot no 094, Sec44,
City Gurugram
Postal code 122003
300 ## - PHYSICAL DESCRIPTION
Extent 328p.
Dimensions 23cm(hbk)
942 ## - ADDED ENTRY ELEMENTS (KOHA)
Source of classification or shelving scheme Dewey Decimal Classification
Item type English Books
Classification part N
Call number suffix BHA
Holdings
Withdrawn status Lost status Not for loan Collection code Home library Current library Date acquired Source of acquisition Cost, normal purchase price Full call number Barcode Copy number Cost, replacement price Koha item type
      Non-fiction Ashok Vihar Ashok Vihar 28/01/2020 DBAD/PUB 599.00 N BHA EN-111125 1 599.00 English Books

© Delhi Public Library
Hit Counter
free hit counter